00738nam a2200205Ia 4500001000700000003000500007008004100012010001100053040000900064082001700073100002600090245009100116260008200207300001100289500007700300503002000377650002800397650008100425650002600506Z_3901CHAP220113s1977 xx 000 0 und d a166962 cCHAP a591.972 L46y aLeopold, Aldo Starker aFauna silvestre de México : aves y mamíferos de caza /cpor Aldo Starker Leopold aMéxico, D.F. :bInstituto Mexicano de Recursos Naturales Renovables,c1977 a655 p. aLa reimpresión publicada en el 2000 fué editada por Ed. Pax México aC/E, Donación aAves de cazaxMéxico  aMamíferosxMéxico I. Instituto Mexicano de Recursos Naturales Renovables aMéxicoxZoología